Quiz su El Salvador - Statistics

Statistiche generali
  • Questo quiz è stato fatto 533 volte
  • Il punteggio medio è 10 su 17
Statistiche sulle risposte
Hint Risposta % Corretto
Lingua ufficiale Spagnolo
99%
Paesi confinanti Guatemala
94%
Honduras
94%
Capitale San Salvador
91%
El Salvador è l'unico paese centroamericano a non confinare con questo mare Mar dei Caraibi
84%
Circa 2,3 milioni di salvadoregni vivono in questo paese straniero Stati Uniti d'America
82%
Moneta di El Salvador Dollaro americano | Bitcoin | Colon
69%
Nel 2015 El Salvador aveva il più alto tasso di ______ nel mondo, 100 ogni 100.000 all'anno. Oggi è stato ridotto del 98%. Omicidi
65%
Personaggio storico a cui il nome del paese si riferisce Gesù Cristo
49%
Unico paese che ha avuto più morti di El Salvador dal 141 a.C. a causa di eruzioni vulcaniche Indonesia
45%
Sei delle otto specie di queste nidificano in El Salvador, incluse la Liuto T{artarughe} m{arine}
39%
El Salvador ha perso l'85% delle sue _____ dagli anni '60 Foreste
35%
Guerra combattuta nel 1969 contro il paese #2 Guerra del {calcio}
32%
Regione storica e culturale di cui fa parte El Salvador {Meso}america
31%
Golfo che confina ad est El Salvador Golfo di {Fonseca}
22%
Seconda città più grande Santa Ana
20%
Il piatto nazionale di El Salvador è questa tortilla ripiena Pupusa
17%
Nessun quiz corrispondente trovato
Distribuzione punteggi
Percentuale di utenti per punteggio
Percentile per numero di risposta
I tuoi punteggi nel tempo
Non hai fatto questo quiz